| 000 | 00668aam a2200241 4500 | ||
|---|---|---|---|
| 005 | 20230928190901.0 | ||
| 008 | 150407b1998 xxu||||| |||| 00| 0 spa d | ||
| 020 | _a9582000147 | ||
| 041 | _aESP | ||
| 082 | _a303.372 S939f4 | ||
| 100 |
_aSuárez Higuera, Mariela _931966 |
||
| 245 | _aFamilia y valores: módulo 4 escuela de padres, papitos podemos preguntar | ||
| 260 |
_aColombia _bMagisterio _c2000 |
||
| 300 | _a176 páginas | ||
| 650 | _aFAMILIA | ||
| 650 | _aVALORES | ||
| 650 | _aEDUCACION SEXUAL | ||
| 650 | _aPROYECTO DE VIDA | ||
| 650 | _aTOLERANCIA | ||
| 650 | _aADOPCION | ||
| 650 | _aABORTO | ||
| 942 |
_cBK _2ddc |
||
| 999 |
_c4233 _d4233 |
||